000 00336nam a2200145 i 4500
001 bg
100 1 _aŚREDNIAWA, Bronisław
245 0 _aMechanika kwantowa /
_cBronisław Średniawa.
250 _aWyd.2.
260 _aWarszawa,
_c1972.
040 _cBPK
041 _apol
942 _cKS
008 s pl f |000 0 pol
999 _c7472
_d7472
856 _uhttp://koha.tu.koszalin.pl/cgi-bin/koha/opac-detail.pl?biblionumber=7472
_yKatalog online BPK